Machine shop practice : (Record no. 13139)
[ view plain ]
| 000 -LEADER | |
|---|---|
| fixed length control field | 00765nam a22002292 4500 |
| 001 - CONTROL NUMBER | |
| control field | 13139 |
| 003 - CONTROL NUMBER IDENTIFIER | |
| rucl marc code | BD-RjUL |
| 005 - DATE AND TIME OF LATEST TRANSACTION | |
| control field | 20211208235419.0 |
| 008 - FIXED-LENGTH DATA ELEMENTS--GENERAL INFORMATION | |
| fixed length control field | 140130s1965 enk 001 0 eng d |
| 035 ## - SYSTEM CONTROL NUMBER | |
| System control number | (BD-RjUL)13190 |
| -- | OCLC ocm29647611 from D970818M |
| 040 ## - CATALOGING SOURCE | |
| Original cataloging agency | GZM |
| Transcribing agency | GZM |
| Modifying agency | UKM |
| -- | EQO |
| -- | BD-RjUL |
| Language of cataloging | eng |
| 041 ## - LANGUAGE CODE | |
| Language code of text/sound track or separate title | eng |
| 082 04 - DEWEY DECIMAL CLASSIFICATION NUMBER | |
| Classification number | 621.9 |
| Edition number | 18 |
| Author mark and year | DUM 1965 |
| 100 1# - MAIN ENTRY--PERSONAL NAME | |
| Personal name | Durney, William Cowburn. |
| 9 (RLIN) | 40936 |
| 245 10 - TITLE STATEMENT | |
| Title | Machine shop practice : |
| Remainder of title | a textbook for Ministry of Labour trainees, apprentices and technical students / |
| Statement of responsibility, etc. | by W. C. Durney. |
| 250 ## - EDITION STATEMENT | |
| Edition statement | 4th ed. |
| 260 ## - PUBLICATION, DISTRIBUTION, ETC. (IMPRINT) | |
| Place of publication, distribution, etc. | London : |
| Name of publisher, distributor, etc. | Sir I. Pitman & Sons, Ltd., |
| Date of publication, distribution, etc. | 1965. |
| 300 ## - PHYSICAL DESCRIPTION | |
| Pagination | viii, 225 p. : |
| Illustrations | ill. ; |
| Size | 22 cm. |
| 504 ## - BIBLIOGRAPHY, ETC. NOTE | |
| Bibliography, etc | Includes index. |
| 650 #0 - SUBJECT ADDED ENTRY--TOPICAL TERM | |
| Topical term or geographic name as entry element | Machine-shop practice. |
| 9 (RLIN) | 40930 |
| 942 ## - ADDED ENTRY ELEMENTS (KOHA) | |
| Source of classification or shelving scheme | Dewey Decimal Classification |
| Koha item type | Books |
| Lost status | Source of classification or shelving scheme | Damaged status | Not for loan | Collection code | Permanent Location | Current Location | Shelving location | Date acquired | Source of acquisition | Cost, normal purchase price | Total Checkouts | Full call number | Date last seen | Copy number | Koha item type |
|---|---|---|---|---|---|---|---|---|---|---|---|---|---|---|---|
| Dewey Decimal Classification | Not For Loan | Non-fiction | Central Library, University of Rajshahi | Central Library, University of Rajshahi | Reading Room | 18/05/1967 | Continental Publication. | 13.50 | 621.9 DUM 1965 | 30/01/2014 | C-1 | Books |